000 02082ncm0a22003971 4500
001 RU\NLR\ONIZ\216712
005 20250626062331.0
010 _z5-89608-014-Х
021 _aRU
_b03-233
_903-9
035 _aRU\NLR\ONIZ\Таня\5000003970\20170315164420
035 _a(NLR Aleph) 011414232
090 _a11574386
_c11574386
100 _a20150516d2003 |||y0rusy50 ca
101 0 _arus
102 _aRU
125 _azx
128 _asg
145 0 _aa
200 1 _aПесенник
_bНоты
_e[голос с букв.-цифр. обозн. партии гитары]
_hВып. 3
_iПесни 30-70-х годов. Хиты эстрады. Английские песни
_eучеб.-метод. пособие
_fВ. М. Катанский
210 _aМосква
_cВ. Катанский
_d2003
215 _a90 с.
_cил.
_d21 см
300 _aНа обл.: Урок 3
313 _aСистематизация документа проведена по изданию - Методика классифицирования музыкальных произведений (нотных изданий) по таблицам Библиотечно-библиографических классификаций : метод. рекомендации / Гос. б-ка СССР им. В.И. Ленина.- М., 1977. Индексу ББК методических рекомендаций присваивается код ББК для научных библиотек - LBC/SL
606 1 _aПесенники
_yРоссия
_z20-21 в.
_jНоты
_2nlr_sh
686 _aЩ943.4-641я438(2Р)
_vLBC/SL
_2rubbk
686 _aЩ956.419(2Р)
_vLBC/SL
_2rubbk
700 1 _9z02790
_aКатанский
_bВ. М.
_gВладимир Михайлович
_4220
790 1 _9z02700
_aKatanskiy
_bV. M.
_gVladimir Mihailovich
_4220
801 0 _aRU
_bNLR
_c20150516
_gPSBO
801 1 _aRU
_bNLR
_c20150516
_2rusmarc
801 2 _aRU
_bNLR
_c20170320
852 _aNLR
_bМ
_j2/3659(3)
_pМОЭ 2003-9/233 (2 экз.)
_t1
942 _cSCORE
980 _aNB
980 _aONIZ